000 01114cam a22003377a 4500
003 CHAP
005 20220817043717.0
008 000929d1999 it rn 00110 eng d
010 _a82415
011 _a83387
020 _a9251043329
035 _a93899
040 _cCHAP
090 _aFolleto 11469
110 2 _aFAO
245 1 0 _aInternational plan of action for reducing incidental catchof seabirds in longline fisheries
_c/by FAO
260 _aRome :
_bFAO,
_c1999.
300 _a26 p.
590 _aBATCH-UPD
_b10
_c20130110
_lUCH01
_h1549
590 _aBATCH-UPD
_b10
_c20130410
_lUCH01
_h0948
590 _aBATCH-UPD
_b10
_c20130914
_lUCH01
_h1908
590 _aCONVERSION
_b10
_c20130109
_lUCH01
_h1346
650 1 4 _aPesca
_xMétodos.
_987402
650 1 4 _aPesquería.
_987496
790 _aInternational plan of action for the conservation and management of sharks
790 _aInternational plan of action for the management of fishing capacity
901 _aBK
905 _aPatricia Mendoza P.
942 _cFOLL
949 _aFolleto 11469
_bBC
_cFAO
_d33724000787701
_eFAO1
_i93899
_kDonaciØn
_sb
999 _c82415
_d82415